Testing statistical hypotheses. (Record no. 11477)

MARC details
000 -LEADER
fixed length control field 00754nam a22002531 4500
001 - CONTROL NUMBER
control field 4057026
003 - CONTROL NUMBER IDENTIFIER
control field OSt
005 - DATE AND TIME OF LATEST TRANSACTION
control field 20211011145011.0
008 - FIXED-LENGTH DATA ELEMENTS--GENERAL INFORMATION
fixed length control field 840209s1959 nyua b 000 0 eng
010 ## - LIBRARY OF CONGRESS CONTROL NUMBER
LC control number 59011803
020 ## - INTERNATIONAL STANDARD BOOK NUMBER
International Standard Book Number 0852265077
040 ## - CATALOGING SOURCE
Original cataloging agency DDC
Transcribing agency HU
Modifying agency DLC
050 00 - LIBRARY OF CONGRESS CALL NUMBER
Classification number QA276
Item number .L343
082 00 - DEWEY DECIMAL CLASSIFICATION NUMBER
Classification number 519.5/LEH
100 1# - MAIN ENTRY--PERSONAL NAME
Personal name Lehmann, E. L.
Fuller form of name (Erich Leo),
Dates associated with a name 1917-
9 (RLIN) 12400
245 10 - TITLE STATEMENT
Title Testing statistical hypotheses.
260 ## - PUBLICATION, DISTRIBUTION, ETC.
Place of publication, distribution, etc. New York,
Name of publisher, distributor, etc. Wiley
Date of publication, distribution, etc. [1959]
300 ## - PHYSICAL DESCRIPTION
Extent 369 p.
Other physical details illus.
Dimensions 24 cm.
440 #2 - SERIES STATEMENT/ADDED ENTRY--TITLE
Title A Wiley publication in mathematical statistics
9 (RLIN) 12401
504 ## - BIBLIOGRAPHY, ETC. NOTE
Bibliography, etc. note Includes bibliography.
650 #0 - SUBJECT ADDED ENTRY--TOPICAL TERM
Topical term or geographic name entry element Statistical hypothesis testing.
9 (RLIN) 12402
906 ## - LOCAL DATA ELEMENT F, LDF (RLIN)
a 7
b cbc
c orignew
d u
e ocip
f 19
g y-gencatlg
942 ## - ADDED ENTRY ELEMENTS (KOHA)
Source of classification or shelving scheme Dewey Decimal Classification
Koha item type Computer Files
Suppress in OPAC No
Holdings
Withdrawn status Lost status Source of classification or shelving scheme Damaged status Not for loan Home library Current library Shelving location Date acquired Total Checkouts Full call number Barcode Date last seen Copy number Price effective from Koha item type
    Dewey Decimal Classification     Natural & Computational Science Library Natural & Computational Science Library General Stacks 10/11/2021   519.5/LEH NSCLIB00002575 10/11/2021 1 10/11/2021 Computer Files